Normal view
MARC view
- Larose Daniel T
Entry Personal Name
001 - CONTROL NUMBER
- control field: 21573
003 - CONTROL NUMBER IDENTIFIER
- control field: NUST
005 - DATE AND TIME OF LATEST TRANSACTION
- control field: 20190926122612.0
008 - FIXED-LENGTH DATA ELEMENTS
- fixed length control field: 190926|| aca||aabn | a|a d
040 ## - CATALOGING SOURCE
- Original cataloging agency: NUST
- Transcribing agency: NUST
100 ## - HEADING--PERSONAL NAME
- Personal name: Larose Daniel T
670 ## - SOURCE DATA FOUND
- Source citation: Work cat.: (NUST)23801: Larose Daniel T, Data Mining Methods And Models , 2006
